Vždy chce mať niekde hniezdo Nielen jubilejný rozhovor s Oldom Hlaváčkom

Bibliographic Details
Main Authors: Hlaváček, Oldo, 1934-2025 (Author), Pažitková, Izabela, 1947- (Author)
Format: Article
Language:Slovak
PhysicalDescription:Fotogr. 1
Subjects:

MARC

LEADER 00000nab a2200000 a 4500
001 vtls000506456
003 SK-MaSNL
005 20260304212441.0
008 120927c1994 xo 0 slo
015 |a SNBRB19rr/mm-uuuuu 
035 |a CL0506594 
040 |a SNKBUCL  |b slo  |c SNKBUCL  |e AACR2 
041 0 |a slo 
044 |a xo  |c SK 
080 |a 792.071.2  |2 1981 
080 |a 791.44.071.2  |2 1981 
100 1 |a Hlaváček, Oldo,  |d 1934-2025  |4 aut  |9 259834 
245 1 0 |a Vždy chce mať niekde hniezdo  |b Nielen jubilejný rozhovor s Oldom Hlaváčkom  |c Oldo Hlaváček, Izabela Pažítková 
300 |b Fotogr. 1 
600 1 7 |a Hlaváček, Oldo,  |d 1934-2025  |2 snkbucl  |9 259834 
655 7 |a články z novín a časopisov  |2 snkbucl  |9 267496 
700 1 |a Pažitková, Izabela,  |d 1947-  |4 aut  |9 111455 
773 0 |t Práca  |g Roč. 49, č. 11 (15. 1. 1994), s. 6 
850 |a Slovenská národná knižnica v Martine  |a MTA001 
852 |a SNK  |b KIS3GCP 
958 |a RK 
992 |a RBX 
999 |c 3131413  |d 3133343